<?xml version="1.0" encoding="UTF-8"?><?xml-stylesheet type="text/xsl" href="static/style.xsl"?><OAI-PMH xmlns="http://www.openarchives.org/OAI/2.0/" xmlns:xsi="http://www.w3.org/2001/XMLSchema-instance" xsi:schemaLocation="http://www.openarchives.org/OAI/2.0/ http://www.openarchives.org/OAI/2.0/OAI-PMH.xsd"><responseDate>2026-04-14T04:47:36Z</responseDate><request verb="GetRecord" identifier="oai:www.recercat.cat:2445/216159" metadataPrefix="marc">https://recercat.cat/oai/request</request><GetRecord><record><header><identifier>oai:recercat.cat:2445/216159</identifier><datestamp>2025-12-04T19:30:40Z</datestamp><setSpec>com_2072_1057</setSpec><setSpec>col_2072_478908</setSpec><setSpec>col_2072_478917</setSpec></header><metadata><record xmlns="http://www.loc.gov/MARC21/slim" xmlns:dcterms="http://purl.org/dc/terms/" xmlns:xsi="http://www.w3.org/2001/XMLSchema-instance" xmlns:doc="http://www.lyncode.com/xoai" xsi:schemaLocation="http://www.loc.gov/MARC21/slim http://www.loc.gov/standards/marcxml/schema/MARC21slim.xsd">
   <leader>00925njm 22002777a 4500</leader>
   <datafield ind2=" " ind1=" " tag="042">
      <subfield code="a">dc</subfield>
   </datafield>
   <datafield ind2=" " ind1=" " tag="720">
      <subfield code="a">Pascual, Gloria</subfield>
      <subfield code="e">author</subfield>
   </datafield>
   <datafield ind2=" " ind1=" " tag="720">
      <subfield code="a">Aznar Benitah, Salvador</subfield>
      <subfield code="e">author</subfield>
   </datafield>
   <datafield ind2=" " ind1=" " tag="260">
      <subfield code="c">2024-10-31T13:53:30Z</subfield>
   </datafield>
   <datafield ind2=" " ind1=" " tag="260">
      <subfield code="c">2024-10-31T13:53:30Z</subfield>
   </datafield>
   <datafield ind2=" " ind1=" " tag="260">
      <subfield code="c">2024-09-26</subfield>
   </datafield>
   <datafield ind2=" " ind1=" " tag="260">
      <subfield code="c">2024-10-31T12:42:39Z</subfield>
   </datafield>
   <datafield ind2=" " ind1=" " tag="520">
      <subfield code="a">Tumor cells can undergo metabolic adaptations that support their growth, invasion,&#xd;
and metastasis, such as reprogramming lipid metabolism to meet their energy&#xd;
demands and to promote survival in harsh microenvironmental conditions,&#xd;
including hypoxia and acidification. Metabolic rewiring, and especially alterations in&#xd;
lipid metabolism, not only fuel tumor progression but also influence immune cell&#xd;
behavior within the tumor microenvironment (TME), leading to immunosuppression&#xd;
and immune evasion. These processes, in turn, may contribute to the metastatic&#xd;
spread of cancer. The diverse metabolic profiles of immune cell subsets, driven by&#xd;
the TME and tumor-derived signals, contribute to the complex immune landscape in&#xd;
tumors, affecting immune cell activation, differentiation, and effector functions.&#xd;
Understanding and targeting metabolic heterogeneity among immune cell subsets&#xd;
will be crucial for developing effective cancer immunotherapies that can overcome&#xd;
immune evasion mechanisms and enhance antitumor immunity.</subfield>
   </datafield>
   <datafield tag="653" ind2=" " ind1=" ">
      <subfield code="a">Tumors</subfield>
   </datafield>
   <datafield tag="653" ind2=" " ind1=" ">
      <subfield code="a">Lípids</subfield>
   </datafield>
   <datafield tag="653" ind2=" " ind1=" ">
      <subfield code="a">Tumors</subfield>
   </datafield>
   <datafield tag="653" ind2=" " ind1=" ">
      <subfield code="a">Lipids</subfield>
   </datafield>
   <datafield ind2="0" ind1="0" tag="245">
      <subfield code="a">Lipids in the tumor microenvironment: immune modulation and metastasis</subfield>
   </datafield>
</record></metadata></record></GetRecord></OAI-PMH>